La Filosofía: desde el punto de vista de la existencia

Saved in:
Bibliografiske detaljer
Hovedforfatter: Jaspers, Karl (Author)
Format: Bog
Sprog:spansk
Udgivet: Ciudad de México Fondo de Cultura Económica 2000
Udgivelse:2a. ed
Serier:Breviarios, 77
Fag:
Tags: Tilføj Tag
Ingen Tags, Vær først til at tagge denne postø!

MARC

LEADER 00000cam a2200000 a 4500
001 UCD3700
003 CL-VaPUC
008 160616e20000000mx |||||||||||||||||spa|d
020 |a 9789681662370 
082 0 4 |a 142.78  |b JAS  |2 21 
100 |a Jaspers, Karl  |e author  |9 334584 
245 1 3 |a La Filosofía: desde el punto de vista de la existencia 
250 |a 2a. ed 
300 |a 177 p 
942 |c BK 
945 |d 20160616 22:39:00  |a dcastane 
260 |a Ciudad de México  |b Fondo de Cultura Económica  |c 2000 
650 0 |a Existencialismo  |9 265698 
650 0 |a Filosofía contemporánea  |9 265372 
583 |a last modification  |c 20160616 22:39:00  |k Rodrigo Vera 
490 0 |a Breviarios, 77 
999 |c 364727  |d 364725 
952 |0 0  |1 0  |3 erb  |4 0  |6 142_780000000000000_JAS_2000  |7 0  |8 A  |9 478301  |a BIBTEO  |b BIBTEO  |i 5293456  |o 142.78 JAS 2000  |p 5293456  |r 2025-01-17  |w 2019-11-24  |y BK  |z Catalogado en:20160616  |k ICR